00556nam a2200181Ia 450000500170000000800410001702000150005808200080007310000150008124500580009626000620015430000180021665000110023465000130024594200060025895200950026499900150035920240731041530.0240331s9999 xx 000 0 und d a8120807022 bGOM aGombrich,R 0aBuddhism transformed :breligious change in Sri Lanka aNew DelhibMotilal Bandrsidass Publishers Pvt Ltdc1988 axvi, 484 p ., aSocial aCultural cL 001040708LaWERCLbWERCLcSSCd2024-03-31l0o 294 GOMp1347r2024-03-31w2024-03-31yL c4463d4463